Carregant...

Studies in cultural history of India

Dades bibliogràfiques
Autor principal: Metraux , Guy S
Format: Printed Book
Publicat: UNESCO 1965
Matèries:
LEADER 00423nam a22001337a 4500
082 |a 934 
100 |a Metraux , Guy S 
245 |a Studies in cultural history of India 
260 |b UNESCO  |c 1965 
300 |a 512p 
650 |a Cultural history of India 
942 |c BK 
999 |c 289616  |d 289616 
952 |0 0  |1 0  |4 0  |6 934_000000000000000_MET_S  |7 0  |9 329329  |a HIS  |b HIS  |c ST1  |d 2015-10-08  |i 3190  |l 0  |o 934 MET / S  |p HIS3190  |r 2018-08-23  |w 2018-08-23  |y BK